| 000 | 01116nam a2200301Ia 4500 | ||
|---|---|---|---|
| 008 | 260326s2002 sp 000 0 spa d | ||
| 041 | _aspa | ||
| 111 | 2 |
_aDIA INTERNACIONAL DE LOS TRABAJADORES _d2002 _941411 |
|
| 245 | 1 | 0 |
_a1º de Mayo 2002 _b: Por la mejora de la protección al desempleo, ya _c/ Confederación Sindical de CCOO |
| 260 |
_a[Madrid : _bCCOO, Confederación Sindical], _c2002 |
||
| 300 |
_a2 p. ; _c30 cm |
||
| 650 | 0 |
_aACTITUD SINDICAL _961 |
|
| 650 | 0 |
_aSINDICALISMO _9189 |
|
| 650 | 0 |
_aPRESTACIONES POR DESEMPLEO _963 |
|
| 650 | 0 |
_aCOHESION SOCIAL _91548 |
|
| 650 | 0 |
_aLEGISLACION _9111 |
|
| 650 | 0 |
_aPAZ _92784 |
|
| 650 | 0 |
_aJUSTICIA SOCIAL _938173 |
|
| 650 | 0 |
_aSOLIDARIDAD SINDICAL _93128 |
|
| 650 | 0 |
_aESTADO DE PALESTINA _940745 |
|
| 650 | 0 |
_aMOVIMIENTO OBRERO _9970 |
|
| 650 | 0 |
_aDERECHOS DE LOS TRABAJADORES _94 |
|
| 650 | 0 |
_aDERECHOS HUMANOS _92569 |
|
| 650 | 0 |
_aDIA INTERNACIONAL DE LOS TRABAJADORES _939791 |
|
| 710 | 2 |
_aCCOO _bConfederación Sindical _927927 |
|
| 856 |
_zPDF _uhttps://docpublicos.ccoo.es/cendoc/073334Manifiesto1MayoCCOO_2002.pdf |
||
| 942 |
_cDOCU_ELEC _2ddc _n0 |
||
| 999 |
_c64432 _d64432 |
||